000 01896nam a2200241 a 4500
005 20200104041605.0
008 130719b xxu||||| |||| 00| 0 spa d
041 _aspa
090 _aIAVH
_b00765 CD-1
100 _aFagua, José Camilo
_9604
245 _aCaracterización y diseño de un plan de monitoreo para una población de Aniba perutitilis Hemsley (Lauraceae), en el cañón del río Barbas
260 _aBogotá
_bInstituto Alexander von Humboldt
_c2005
300 _a66 p.
520 _aEn la primera parte se realizó un esbozo sobe como se realizó la selección de la población de estudio de A. perutilis. Se estudió la importancia que tiene la topografía en la distribución de A. perutilis considerando que muchos de los relictos de bosque de la cordillera andina de Colombia, se conservan gracias a sus escarpados relieves. Al final se explica el plan de monitoreo de la especie en cuatro fragmentos de bosque muy húmedo premontano de la región cafetera de Colombia, basado en lo que sería un estudio de dinámica poblacional empleando matrices de proyección. Se destaca un estudio de caso en el cañón del río Barbas, en el que se presentan los lugares donde deberían ubicarse las parcelas de observación para un monitoreo. Se muestra cómo se calculó el tamaño mínimo de las parcelas y se describe el seguimiento que se deba hacer en campo. Además se explican teóricamente los estadísticos poblacionales que se pueden calcular para monitorear a Aniba perutilis.
650 _aTopografía
_9605
650 _aMonitoreo
_955
650 _aBosque muy húmedo premontano
_9607
650 _aDinámica poblacional
_9608
650 _aEstadística de poblaciones
_9609
662 _aColombia
_cRío Barbas
_bRisaralda
942 _2ddc
_cCD-ROM
773 0 _05986
_99704
_a
_b
_dBogotá Informatica documental 2007
_o024802
_tInformes de investigaciones IAVH en PDF
_w
_x
_z
999 _c6021
_d6021